Entry Personal Name
Number of records used in: 1
001 - CONTROL NUMBER
003 - CONTROL NUMBER IDENTIFIER
005 - DATE AND TIME OF LATEST TRANSACTION
- control field:
20230907123122.0
008 - FIXED-LENGTH DATA ELEMENTS
- fixed length control field:
790924n| azannaabn |n aaa
010 ## - LIBRARY OF CONGRESS CONTROL NUMBER
- LC control number:
n 79111240
035 ## - SYSTEM CONTROL NUMBER
- System control number:
(OCoLC)oca00343085
040 ## - CATALOGING SOURCE
- Original cataloging agency:
DLC
- Language of cataloging:
eng
- Description conventions:
rda
- Transcribing agency:
DLC
- Modifying agency:
DLC
- Modifying agency:
InU
046 ## - SPECIAL CODED DATES
100 1# - HEADING--PERSONAL NAME
- Personal name:
Brooker, Peter
670 ## - SOURCE DATA FOUND
- Source citation:
His A student's guide to the Selected poems of Ezra Pound, 1979:
- Information found:
t.p. (Peter Brooker)
670 ## - SOURCE DATA FOUND
- Source citation:
His Bertolt Brecht, c1987:
- Information found:
CIP t.p. (Peter Brooker) data sheet (b. 6-3-44)
670 ## - SOURCE DATA FOUND
- Source citation:
Postmodern after-image, 1997:
- Information found:
CIP t.p. (Peter Brooker) data sheet (Peter John Brooker; b. June 3, 1944)
670 ## - SOURCE DATA FOUND
- Source citation:
Modernism/postmodernism, 1992:
- Information found:
t.p. (Peter Brooker) jkt. (reader in modern literary and cultural studies at the School of Humanities, Thames Polytechnic; from 1979-1980 he was prof. in the Literature Dept. of the Univ. of Mass.)
670 ## - SOURCE DATA FOUND
- Source citation:
A reader's guide to contemporary literary theory, 2017:
- Information found:
CIP t.p. (Peter Brooker)